| 000 | 00682cam a2200229 4500 | ||
|---|---|---|---|
| 001 | ABS62922 | ||
| 008 | 000000n2000 000 0 eng u | ||
| 035 | _a(Sirsi) u108659 | ||
| 100 | _aCatalano, A. | ||
| 245 | _aLondon's great estates | ||
| 260 | _c2000 | ||
| 490 |
_aEstates Gazette _v(0037) 16 September 2000, 66-76(10) |
||
| 520 | _aProfiles of London's great estates. Looks at Grosvenor Estate, Howard de Walden and Portman Estate. Maps, statistics. | ||
| 590 | _aABS | ||
| 650 | _aGROSVENOR ESTATE | ||
| 650 | _aPORTMAN ESTATE | ||
| 650 | _aHOWARD DE WALDEN | ||
| 650 | _aLONDON | ||
| 650 | _aLANDED ESTATES | ||
| 690 | _aPROPERTY AND MANAGEMENT | ||
| 942 | _n0 | ||
| 999 |
_c64873 _d64873 |
||